000
00273nam a22001217a 4500
008
180206b xxu||||| |||| 00| 0 eng d
041
_a
eng
080
_a
37
100
_a
48
101
_a
edu
245
_a
varities of quqalitative research
_c
john.m..v
942
_2
udc
_c
BK
999
_c
41945
_d
41945